000 01014cam a2200253 a 4500
001 sa 59056629
003 DLC
005 20260227111912.0
008 040803s1919 pl b 000 0 eng
010 _asa 59056629
035 _a(OCoLC)ocm22333091
040 _aDLC
_cDLC
041 0 _aeng
_asan
050 0 0 _aPJ25
_b.P6 nr. 2
_aPK2903
100 1 _aGawroński, Andrzej,
_d1885-1927.
245 1 0 _aStudies about the Sanskrit Buddhist literature /
_cAndrzej Gawroński.
260 _aW Krakowie :
_bNakładem Akademji Umiejętności,
_c1919.
300 _a80 p. ;
_c24 cm.
490 1 _aPrace Komisji Orjentalistycznej Polskiej Akademji Umiejętności =
_aMémoires de la Commission orientale de l'Académie polonaise des sciences et des lettres ;
_vnr 2
546 _aInlcudes passages in Sanskrit.
504 _aIncludes bibliographical references.
650 0 _aSanskrit literature
_xHistory and criticism.
830 0 _aPrace Komisji Orjentalistycznej Polskiej Akademji Umiejętności w Krakowie ;
_vnr 2.
999 _c52793
_d52793